000
00290nam a22001337a 4500
008
190204b xxu||||| |||| 00| 0 eng d
020
_a
9781605472522
041
_a
eng
080
_a
541
100
_a
12
101
_a
KIM
245
_a
Fluids & Electrolytes
_c
Kluwer, W
942
_2
udc
_c
BK
999
_c
53931
_d
53931